000 01008nam a2200277Ia 4500
003 OSt
005 20220930084658.0
006 a|||||r|||| 00| 0
007 ta
008 220926b |||||||| |||| 00| 0 eng d
024 _a85899
037 _cTheses
040 _aCRL
_cCRL
_beng
041 _2eng
_aeng
100 _aSharma Abha
_9403103
110 _aUniversity of Delhi. Faculty of Medical Sciences. Department of Medical Microbiology
_9519677
245 0 _aEfficacy of single dose azithromycin in clinical and microbiological cure for gonococcal and chlamydial urethritis
260 _c2006
650 _aMIRCOBIOLOGY
700 _a Dr. D. P. Bhalla Gu.
_9538212
700 _a Dr. V. K. Sharma Gu.
_9532647
700 _a Dr. Vijay Kumar Gu.
_9535899
700 _aUniversity of Delhi. Faculty of Medical Sciences. Department of Medical Microbiology
_9519679
942 _cDIS
_2CC
999 _c877610
_d877610